| 000 | 01011na a2200313 4500 | ||
|---|---|---|---|
| 001 | 15618 | ||
| 003 | MIRAKIL | ||
| 005 | 20181213155224.0 | ||
| 008 | 160918b tu 000 0 | ||
| 020 | _a9786053325178 (karton kapaklı) | ||
| 020 | _a9786053325185 (ciltli) | ||
| 035 | _a15618 | ||
| 040 |
_aMilas _btur _cTR-AnCHP |
||
| 082 |
_a330.9561 _bT39c |
||
| 090 | _a330.9561 T39c 2002 | ||
| 100 |
_aTezel, Yahya Sezai _d1941- |
||
| 245 |
_aCumhuriyet döneminin iktisadi tarihi (1923-1950) _cYahya S. Tezel |
||
| 250 | _a5. bs. | ||
| 260 |
_aİstanbul _bTürkiye iş bankası kültür yayınları _c2002 |
||
| 300 |
_a675 s. _c22 sm. |
||
| 490 |
_aTürkiye İş Bankası Kültür yayınları _v3350 |
||
| 500 | _aKaynakça var. | ||
| 650 |
_aEkonomi Tarihi _zTürkiye |
||
| 650 |
_aİktisat _xTarih _zTürkiye |
||
| 651 |
_aTürkiye _xTarih _xSiyaset ve yönetim |
||
| 651 |
_aTürkiye _xTarih _xEkonomi politikaları |
||
| 651 |
_aTürkiye _xTarih _xEkonomik durum _y1923-1950 |
||
| 942 |
_2ddc _cBKS |
||
| 999 |
_c8786 _d8786 |
||